000 01881nam a22002297a 4500
001 216222712
003 UA-OsUOA
005 20220824113235.0
008 220824b un ||||f |||| 00| 0 ukr d
040 _aUA-OsUOA
_bukr
_cUA-OsUOA
_dUA-OsUOA
041 _aukr
080 _a81
090 _a81
_bМ30
100 _aМарчак В. А.
245 _aПорівняльний лексико-термінологічний аналіз промов американських президентів
_cМарчак В. А.
260 _aОстрог
_bКАФ
_c2017
300 _a50 c.
520 _aВступ. Розділ І. Характеристика політичного дискурсу. 1.1. Основні поняття політичного дискурсу 1.2. Функції політичних промов 1.3. Маркери політичного дискурсу 1.4. Лінгвістичний аналіз політичної промови як складової процесу політичної комунікації Розділ ІІ. Лексико-стилістичний аналіз політичних промов. 2.1. Лексичні особливості політичних промов 2.2. Стилістичні особливості політичних промов Розділ ІІІ. Аналіз політичного дискурсу Д. Трампа. 3.1. Термінологічні одиниці у промовах Трампа 3.2. Порівняльний аналіз ЛО у політичному дискурсі Д. Трампа, Ф. Д. Рузвельта, А. Лінкольна Висновки. Список використаних джерел. Додатки.
650 _a81 Лінгвістика. Мовознавство. Мови
_2UDC
942 _cBK
_2udc
955 _a1
999 _c285927
_d285927